000 01909nam0a2200361 4500
001 RU\NLR\bibl\905398
005 20260405073348.0
010 _a5-7803-0139-5
_9300
021 _aRU
_b2005-84005
_94154
035 _a(NLR Aleph) 000893801
090 _a1734907
_c1734907
100 _a20060208d2005 |||y0rusy50 ca
101 0 _arus
_deng
102 _aRU
105 _aa |||||||||
200 1 _aСтоянка раннего палеолита Карама на Алтае
_dThe Karama lower paleolithic site in the Altai
_fА.П. Деревянко, М.В. Шуньков, Н.С. Болиховская [и др.]
_gотв. ред.: акад. А.П. Деревянко, д.ист.н. М.В. Шуньков
_gРос. акад. наук, Сиб. отд-ние, Ин-т археологии и этнографии
_zeng
210 _aНовосибирск
_cИзд-во Института археологии и этнографии
_d2005
215 _a86 с.
_cил.
_d28
300 _aАвт. также на англ. яз.: A.P. Derevianko, M.V. Shunkov, N.S. Bolikhovskaya [et al.]
300 _aРез. на англ. яз.
320 _aБиблиогр.: с. 80-85
510 0 _aThe Karama lower paleolithic site in the Altai
_zeng
607 _aКарама, палеолитическая стоянка (Алтай)
_xАрхеологическое изучение
_92418142
_3RU\NLR\auth\661440274
686 _aТ4(2)221
701 1 _4070
_7ca
_8rus
_aДеревянко
_bА. П.
_cархеолог
_f1943-
_gАнатолий Пантелеевич
_93653
_3RU\NLR\auth\7720585
701 1 _aШуньков
_bМ. В.
_gМихаил Васильевич
_4070
701 1 _aБолиховская
_bН. С.
_gНаталия Степановна
_4070
801 0 _aRU
_bNLR
_c20060208
_grcr
801 1 _aRU
_bNLR
_c20060208
830 _aавт. по кн
942 _cBOOK
980 _aNB